Statistiques concernant Afrique - Série 08

Cliquez ici pour prendre le quiz!

Statistiques générales

  • Ce quiz a été pris 130 fois
  • Le résultat moyen est 7 sur 10

Statistiques - réponses

QuestionRéponse% Correct
Nom donné à la politique de discrimination raciale de 1948 à 1991 en Afrique du Sud ?Apartheid
92%
Quel pays a pour capitale Yaoundé et pour plus grande ville Douala ?Cameroun
90%
Capitale de la République du CongoBrazzaville
83%
Comment appelle-t-on l'Afrique du Nord ?Maghreb
81%
Capitale de la Côte d'IvoireYamoussoukro
81%
De quel pays d'Afrique australe Maputo est-elle la capitale ?Mozambique
78%
Quel est le nom du plus grand lac d'Afrique ?Victoria
74%
Quelle est la monnaie de l'Algérie ?Dinar
67%
Quelle est la plus haute pyramide d'Égypte ?Khéops
55%
Dans quel pays vivent les Himbas, également appelés Hommes rouges ?Namibie
37%

Distribution des résultats

Percentile par nombre de réponses

% des personnes avec chaque résultat

Votre développement - résultats

Vous n’avez pas pris ce quiz